Die größten Städte Deutschlands mit I - Statistiken

Allgemein
  • Dieses Quiz wurde 204 mal gespielt
  • Das Durchschnittsergebnis liegt bei 4 aus 8
Antwortstatistiken
Bundesland Stadt % Korrekt
Bayern Ingolstadt
98%
Nordrhein-Westfallen Iserlohn
68%
Thüringen Ilmenau
56%
Schleswig-Holstein Itzehoe
50%
Rheinland-Pfalz Ingelheim (Am Rhein)
42%
Hessen Idstein
26%
Baden-Württemberg Isny (Im Allgäu)
19%
Sachsen-Anhalt Ilsenburg (Harz)
5%
Keine übereinstimmenden Quizze gefunden
Verteilung der Resultate
Anzahl Personen mit jedem Resultat
Perzentil nach korrekt beantworteten Fragen
Ihre Resultats-Entwicklung
Sie haben dieses Quiz noch nicht gespielt